Single-cell enumeration of an uncultivated TM7 subgroup in the human subgingival crevice /
Αποθηκεύτηκε σε:
| Κύριος συγγραφέας: | |
|---|---|
| Άλλοι συγγραφείς: | , |
| Μορφή: | Άρθρο |
| Γλώσσα: | English |
| Θέματα: | |
| Ετικέτες: |
Προσθήκη ετικέτας
Δεν υπάρχουν, Καταχωρήστε ετικέτα πρώτοι!
|
| Thư viện lưu trữ: | Thư viện Trường Đại học Đà Lạt |
|---|
| LEADER | 00909nam a2200289 4500 | ||
|---|---|---|---|
| 001 | DLU090092800 | ||
| 005 | ##20091201 | ||
| 040 | # | # | |a DLU |b eng |
| 041 | # | # | |a eng |
| 044 | # | # | |a us |
| 100 | # | # | |a Ouverney, Cleber C. |
| 245 | # | # | |a Single-cell enumeration of an uncultivated TM7 subgroup in the human subgingival crevice / |c Cleber C. Ouverney, Gary C. Armitage, David A. Relman. |
| 653 | # | # | |a Bacteria |
| 653 | # | # | |a Enumeration |
| 653 | # | # | |a Periodontitis |
| 700 | # | # | |a Armitage, Gary C. |
| 700 | # | # | |a Relman, David A. |
| 773 | # | # | |t Applied and Environmental Microbiology |g Vol. 69, no. 10 (October 2003), p. 6294-6298 |
| 920 | # | # | |a Phòng Tạp chí -- Trung tâm Thông tin - Thư viện Trường Đại học Đà Lạt |
| 994 | # | # | |a DLU |
| 900 | # | # | |a True |
| 911 | # | # | |a Trương Bảo Trâm Anh |
| 925 | # | # | |a G |
| 926 | # | # | |a A |
| 927 | # | # | |a BB |
| 980 | # | # | |a Thư viện Trường Đại học Đà Lạt |